01092nam a2200301 a 4500001001200000003000800012006001900020007001500039008004100054020001800095040002100113035002100134050002400155100002200179245007200201250001200273260004900285300002700334500001700361500003000378533015200408650002000560650002100580655002900601710001700630856012600647999001700773ebr10300331CaPaEBRm u cr cn|||||||||090805s2007 ii a s 000 0 eng d z9788189940034 aCaPaEBRcCaPaEBR a(OCoLC)24482582914aNK9500b.M37 2007eb1 aMartin, Jennifer.10aArt of textile designingh[electronic resource] /cJennifer Martin. a1st ed. aChandni Chowk, Delhi :bGlobal Media,c2007. a1 v. (unpaged) :bill. aCover title. a"Education for everyone." aElectronic reproduction.bPalo Alto, Calif. :cebrary,d2009.nAvailable via World Wide Web.nAccess may be limited to ebrary affiliated libraries. 0aTextile design. 0aTextile fabrics. 7aElectronic books.2local2 aebrary, Inc.40uhttp://site.ebrary.com/lib/rucke/Doc?id=10300331zAn electronic book accessible through the World Wide Web; click to view c65838d65838